=LDR 00000nam 2200000 4500 =001 NUTBA000000000003774 =005 20250423104840 =035 ##$$a 0010-081400000000619 =008 250423################g##########0#ind## =020 ##$$a 979-489-235-1 =040 ##$$a NBPDMAT =082 ##$$a 028.5 =084 ##$$a 028.5 Bob b =090 ##$$a 028.5 Bob b =100 ##$$a Bobbie Whitcombe =245 1#$$a Binatang Aneh /$c Bobbie Whitcombe; Alih Bahasa, Haryunani K =250 ##$$a Cet.12 =260 ##$$a Jakarta :$b Penebar Swadaya,$c 2008 =300 ##$$a 19 hlm. : $b ilus. ; $c 26 cm. =650 #4$$a Bacaan kanak-kanak =700 #$$a Haryunani K =850 ##$$a NBPDMAT =990 ##$$a 21408622 =990 ##$$a 21408623 =990 ##$$a 21408624 =990 ##$$a 21408625 =990 ##$$a 21408626